Geographisches Wissen - Gewässer - Statistiken

Allgemein
  • Dieses Quiz wurde 61 mal gespielt
  • Das Durchschnittsergebnis liegt bei 15 aus 25
Antwortstatistiken
Frage Antwort % Korrekt
1.2 Welcher ist der wasserreichste Fluss der Welt? Amazonas
100%
1.1 Welcher ist der längste Fluss der Welt? Nil
98%
1.6 Welcher ist der längste Fluss Deutschlands? Rhein
96%
1.3 Welcher ist der längste Fluss Europas? Wolga
92%
5.2 Welcher Ozean wird auch "stiller Ozean" genannt? Pazifischer Ozean
87%
5.1 Welcher ist der 2. größte Ozean der Welt? Atlantischer Ozean
81%
1.5 Welcher ist der längste Fluss Nordamerikas? Mississippi
81%
3.2 Welcher Kanal verbindet den Pazifik mit dem Karibischen Meer? Panamakanal
79%
3.3 Welcher Kanal verbindet das rote Meer mit dem Mittelmeer? Suezkanal
75%
4.2 Welches Meer ist das größte Europas? Mittelmeer
74%
4.5 Welches Meer ist größer - schwarzes Meer oder Golf von Mexiko? Golf von Mexiko
72%
4.4 Welches Meer ist größer - Nordsee oder Ostsee? Nordsee
72%
2.3 Welcher ist der flächenmäßig größte See Afrikas? Victoriasee
70%
2.6 Welcher ist höchstgelegenste See der Welt? Titicacasee
58%
3.1 Welcher Kanal verbindet Nordsee und Ostee miteinander? Nord-Ostsee-Kanal
57%
2.1 Welcher ist der flächenmäßig größte See der Welt? Kaspisches Meer
55%
2.5 Welcher ist der tiefgelegenste See der Welt? Totes Meer
53%
5.4 Welcher Ozean grenzt an die Antarktis? Arktischer Ozean
51%
2.4 Welcher ist der flächenmäßig größte See Nordamerikas? Oberer See
42%
1.4 Welcher ist der längste Fluss Asiens? Jangtsekiang
40%
4.3 Welches Meer ist das größte Nordamerikas? Karibisches Meer
28%
2.2 Welcher ist der flächenmäßig größte See Europas? Ladogasee
25%
5.3 Welcher Ozean grenzt an die Arktis? Südlicher Ozean
11%
3.4 Welcher Kanal verbindet den Ontariosee mit dem Atlantik? Sankt-Lorenz-Strom
9%
4.1 Welches Meer ist das größte der Welt? Philippinensee
0%
Keine übereinstimmenden Quizze gefunden
Verteilung der Resultate
Anzahl Personen mit jedem Resultat
Perzentil nach korrekt beantworteten Fragen
Ihre Resultats-Entwicklung
Sie haben dieses Quiz noch nicht gespielt